000 00287nam a22001337a 4500
008 210514b ||||| |||| 00| 0 eng d
041 _aeng
080 _a94
082 _a94
100 _a16
101 _aSHH
245 _aAlistair Cooke's America
_cAlfred A. Knopf
942 _2udc
_cBK
999 _c57301
_d57301